| 000 | 00603nam a2200181Ia 4500 | ||
|---|---|---|---|
| 003 | GCL | ||
| 008 | 140319s9999 xx 000 0 ara d | ||
| 040 |
_aGCL / _cGCL |
||
| 082 | 0 | 4 |
_a811.2 _bا ح |
| 100 | 1 | _aالازدى، محمد بن احمد بن المطهر | |
| 245 | 1 | 0 |
_aحكاية ابى القاسم البغدادى :a bulkasim ein bagdader sittenbild / _cالازدى، محمد بن احمد بن المطهر |
| 260 |
_a[S.N] : _bكرل ونتر |
||
| 300 | _aمتعدد | ||
| 490 | _a | ||
| 650 | 0 | 4 | _aالشعر العربى |
| 650 | 0 | 4 | _aالادب العربى |
| 942 |
_2ddc _cBK |
||
| 999 |
_c35085 _d35085 |
||